[Event "II LIGA CENTRALNE SRBIJE-ISTOK"]
[Site "Leskovac"]
[Date "2014.09.27"]
[Round "4.1"]
[White "Cvetanovic, Uros **"]
[Black "Tosic, Nebojsa"]
[Result "1-0"]
[WhiteElo "2323"]
[BlackElo "2156"]
[PlyCount "65"]
[EventDate "2014.09.25"]

1. e4 d5 2. Nc3 c6 3. Nf3 dxe4 4. Nxe4 Bf5 5. Ng3 Bg6 6. d4 e6 7. Bd3 Nf6 8.
Bxg6 hxg6 9. Qd3 Bb4+ 10. c3 Be7 11. Be3 Qa5 12. Nd2 Nbd7 13. Nb3 Qd5 14. f3 a5
15. c4 Bb4+ 16. Ke2 Qd6 17. a3 Rxh2 18. Rxh2 Qxg3 19. Rh8+ Bf8 20. Bf2 Qc7 21.
Kf1 O-O-O 22. Qc3 a4 23. Nd2 Nh5 24. Kg1 Nf4 25. Kh1 Bd6 26. Rxd8+ Qxd8 27. Qe3
Qg5 28. g3 Nf6 29. Qe1 Nd3 30. Qe3 Nxf2+ 31. Qxf2 Bxg3 32. Qg2 Qh5+ 33. Kg1 1-0

[Event "II LIGA CENTRALNE SRBIJE-ISTOK"]
[Site "Leskovac"]
[Date "2014.09.27"]
[Round "4.1"]
[White "Trifunovic, Miroljub"]
[Black "Mladenovic, Stefan **"]
[Result "1/2-1/2"]
[WhiteElo "2259"]
[BlackElo "2336"]
[PlyCount "54"]
[EventDate "2014.09.25"]

1. d4 Nf6 2. c4 e6 3. Nc3 Bb4 4. f3 O-O 5. a3 Bxc3+ 6. bxc3 Ne8 7. e4 d5 8.
cxd5 exd5 9. Bd3 c5 10. Be3 cxd4 11. cxd4 Nc6 12. Ne2 Nc7 13. O-O dxe4 14. fxe4
Bg4 15. h3 Bh5 16. Qd2 Bg6 17. d5 Ne5 18. Nf4 Nxd3 19. Nxg6 hxg6 20. Qxd3 Re8
21. Rad1 Qd7 22. Rf3 Qa4 23. Bf4 Nb5 24. e5 {...} Rad8 25. Qb3 Nc3 26. Qxa4
Nxa4 27. d6 Nc5 1/2-1/2

[Event "II LIGA CENTRALNE SRBIJE-ISTOK"]
[Site "Leskovac"]
[Date "2014.09.27"]
[Round "4.1"]
[White "Livaja, Mario"]
[Black "Zafirovski, Mite"]
[Result "1/2-1/2"]
[WhiteElo "2262"]
[BlackElo "2260"]
[PlyCount "42"]
[EventDate "2014.09.25"]

1. d4 Nf6 2. c4 e6 3. Nc3 Bb4 4. Qc2 O-O 5. e4 d5 6. e5 Ne4 7. Bd3 c5 8. Nf3
cxd4 9. Nxd4 Nd7 10. Bf4 Qh4 11. g3 Qh5 12. O-O Bxc3 13. bxc3 g5 14. Be3 g4 15.
f3 gxf3 16. Nxf3 Ndc5 17. Be2 Bd7 18. Bf4 Qg6 19. Qc1 Rfc8 20. Nh4 Qg7 21. Nf3
Qg6 1/2-1/2

[Event "II LIGA CENTRALNE SRBIJE-ISTOK"]
[Site "Leskovac"]
[Date "2014.09.27"]
[Round "4.1"]
[White "Maksimovic, Boban"]
[Black "Todorovic, Nenad I **"]
[Result "1/2-1/2"]
[WhiteElo "2204"]
[BlackElo "2163"]
[PlyCount "38"]
[EventDate "2014.09.25"]

1. c4 c5 2. Nc3 Nc6 3. Nf3 e5 4. d3 g6 5. Be3 d6 6. g3 Bg7 7. Bg2 Nge7 8. O-O
O-O 9. Nd5 h6 10. Rb1 Nxd5 11. cxd5 Nb4 12. Qb3 a5 13. a3 a4 14. Qc4 b5 15. Qc1
Nxd5 16. Bxh6 Rb8 17. Bxg7 Kxg7 18. Ng5 f6 19. Ne4 Be6 1/2-1/2

[Event "II LIGA CENTRALNE SRBIJE-ISTOK"]
[Site "Leskovac"]
[Date "2014.09.27"]
[Round "4.1"]
[White "Ostojic, Nikola M"]
[Black "Vasic, Milena *"]
[Result "0-1"]
[WhiteElo "2052"]
[BlackElo "2148"]
[PlyCount "68"]
[EventDate "2014.09.25"]

1. d4 d5 2. c4 c6 3. Nc3 Nf6 4. cxd5 cxd5 5. Bf4 a6 6. Nf3 Nc6 7. e3 Bg4 8. a3
e6 9. Be2 Be7 10. O-O O-O 11. h3 Bh5 12. Na4 b5 13. Nc5 Na5 14. a4 Bxf3 15.
Bxf3 Qb6 16. b4 Nc4 17. a5 Qc6 18. Qd3 Rfd8 19. Bg3 Rac8 20. Rfe1 Bxc5 21. dxc5
Ne4 22. Bh2 f5 23. Bd1 Rd7 24. Bc2 Rcd8 25. f3 Nf6 26. Bb3 Kh8 27. Re2 h6 28.
Rae1 Re8 29. Ba2 Nh5 30. Bb1 g6 31. g4 Nf6 32. Qc3 e5 33. Rd1 Ree7 34. Kg2 e4
0-1

[Event "II LIGA CENTRALNE SRBIJE-ISTOK"]
[Site "Leskovac"]
[Date "2014.09.27"]
[Round "4.1"]
[White "Milosevic, Jovana **"]
[Black "Grkovic, Vladan"]
[Result "0-1"]
[WhiteElo "2038"]
[BlackElo "2197"]
[PlyCount "75"]
[EventDate "2014.09.25"]

1. Nf3 d5 2. d4 c5 3. c3 Nf6 4. e3 e6 5. Be2 Nbd7 6. O-O Bd6 7. Nbd2 b6 8. b3
Bb7 9. Bb2 O-O 10. c4 Rc8 11. Ne5 Qe7 12. f4 cxd4 13. exd4 Ba3 14. Ndf3 Rc7 15.
Bd3 dxc4 16. bxc4 Be4 17. Qb3 Qd6 18. Bxe4 Nxe4 19. Rfd1 Qe7 20. Rac1 Rfc8 21.
Rc2 h6 22. Rdc1 Nxe5 23. fxe5 Ng5 24. Nd2 f6 25. h4 Nf7 26. exf6 Qxf6 27. Nf3
Qf4 28. Re1 Qg4 29. Qd3 Qf5 30. Qe2 Rc6 31. Rf1 Qg4 32. Rfc1 Rd8 33. c5 bxc5
34. dxc5 e5 35. Rc4 Qe6 36. Re4 Qd5 37. Qc4 Rxc5 38. Qxc5 0-1

[Event "II LIGA CENTRALNE SRBIJE-ISTOK"]
[Site "Leskovac"]
[Date "2014.09.27"]
[Round "4.2"]
[White "Radovanovic, Nikola**"]
[Black "Djingarova, Emilia *"]
[Result "1/2-1/2"]
[WhiteElo "2348"]
[BlackElo "2234"]
[PlyCount "34"]
[EventDate "2014.09.25"]

1. d4 Nf6 2. c4 e6 3. Nc3 Bb4 4. Qc2 d6 5. Nf3 c5 6. a3 Ba5 7. dxc5 dxc5 8. Bg5
Nbd7 9. e3 O-O 10. Bd3 h6 11. Bh4 e5 12. Bh7+ Kh8 13. Bf5 Qe7 14. O-O Bxc3 15.
Qxc3 Re8 16. Nd2 Nf8 17. Qc2 Ng6 1/2-1/2

[Event "II LIGA CENTRALNE SRBIJE-ISTOK"]
[Site "Leskovac"]
[Date "2014.09.27"]
[Round "4.2"]
[White "Mincic, Srbislav"]
[Black "Blagojevic, Vladan"]
[Result "1-0"]
[WhiteElo "2232"]
[BlackElo "2142"]
[PlyCount "57"]
[EventDate "2014.09.25"]

1. e4 c6 2. d4 g6 3. Nf3 Bg7 4. Nc3 d6 5. h3 Nd7 6. Be3 Qa5 7. Qd2 b5 8. Bd3
Qc7 9. O-O a5 10. Ne2 Ngf6 11. Bh6 O-O 12. Ng3 Re8 13. Bxg7 Kxg7 14. Qg5 e5 15.
c3 Nf8 16. Nh4 Ng8 17. d5 h6 18. Qd2 Qe7 19. Nf3 Bd7 20. Rae1 c5 21. Nh2 Qh4
22. Qe3 Qf4 23. Qe2 c4 24. Bb1 Nf6 25. Qd1 g5 26. Nf3 Bxh3 27. gxh3 g4 28. hxg4
Nxg4 29. Nh5+ 1-0

[Event "II LIGA CENTRALNE SRBIJE-ISTOK"]
[Site "Leskovac"]
[Date "2014.09.27"]
[Round "4.2"]
[White "Radovic, Luka**"]
[Black "Dimitrijevic, Dusan *"]
[Result "1/2-1/2"]
[WhiteElo "2210"]
[BlackElo "2097"]
[PlyCount "31"]
[EventDate "2014.09.25"]

1. c4 e5 2. g3 Nc6 3. Bg2 g6 4. Nc3 Bg7 5. e3 d6 6. Nge2 Be6 7. b3 Qd7 8. d4
Bh3 9. O-O h5 10. Re1 Bxg2 11. Kxg2 h4 12. Ng1 O-O-O 13. d5 Nce7 14. e4 f5 15.
Nf3 Bf6 16. Bg5 1/2-1/2

[Event "II LIGA CENTRALNE SRBIJE-ISTOK"]
[Site "Leskovac"]
[Date "2014.09.27"]
[Round "4.2"]
[White "Tonic, Milos *"]
[Black "Radovic, Janko**"]
[Result "1/2-1/2"]
[WhiteElo "1988"]
[BlackElo "2125"]
[PlyCount "34"]
[EventDate "2014.09.25"]

1. c4 Nf6 2. Nc3 d5 3. cxd5 Nxd5 4. Nf3 c5 5. d4 Nxc3 6. bxc3 g6 7. e4 Bg7 8.
Bb5+ Nd7 9. O-O O-O 10. Rb1 Nf6 11. Qe2 Nxe4 12. Qxe4 Bf5 13. Qe2 Bxb1 14. Bg5
Bf5 15. Bxe7 Qa5 16. Bxf8 Rxf8 17. dxc5 Bg4 1/2-1/2

[Event "II LIGA CENTRALNE SRBIJE-ISTOK"]
[Site "Leskovac"]
[Date "2014.09.27"]
[Round "4.2"]
[White "Djuretanovic, Ivan"]
[Black "Trickovic, Borivoje"]
[Result "1/2-1/2"]
[WhiteElo "2024"]
[BlackElo "2231"]
[PlyCount "53"]
[EventDate "2014.09.25"]

1. e4 Nf6 2. Nc3 d5 3. exd5 Nxd5 4. d4 c6 5. Nf3 Bg4 6. Be2 e6 7. O-O Nd7 8.
Ne4 Qc7 9. Re1 N5f6 10. Ng3 Bd6 11. Ng5 Bxe2 12. Qxe2 O-O 13. Nf1 h6 14. Ne4
Nxe4 15. Qxe4 Rfe8 16. Qg4 Nf6 17. Qh4 Nd5 18. c4 Be7 19. Qg4 Nf6 20. Qf3 Nh7
21. b3 Bf6 22. Bf4 Qb6 23. Be5 a5 24. Ng3 Bxe5 25. dxe5 Qc5 26. Qf4 Rad8 27.
Red1 1/2-1/2

[Event "II LIGA CENTRALNE SRBIJE-ISTOK"]
[Site "Leskovac"]
[Date "2014.09.27"]
[Round "4.2"]
[White "Petrov, Georgi"]
[Black "Lazic, Milan B"]
[Result "1/2-1/2"]
[WhiteElo "2203"]
[BlackElo "1998"]
[PlyCount "57"]
[EventDate "2014.09.25"]

1. c4 c5 2. Nf3 Nc6 3. g3 g6 4. Bg2 Bg7 5. O-O Nf6 6. d4 cxd4 7. Nxd4 O-O 8.
Nc3 d6 9. Nc2 Be6 10. b3 Qa5 11. Bd2 Qh5 12. e4 Bg4 13. f3 Bh3 14. Bxh3 Qxh3
15. Ne2 Nh5 16. Rc1 f5 17. exf5 gxf5 18. Rf2 e5 19. Bc3 Rf6 20. Qf1 Qxf1+ 21.
Kxf1 a5 22. Rd1 Bf8 23. Ne3 Rf7 24. Nd5 Nf6 25. Nxf6+ Rxf6 26. Nf4 Rh6 27. Nd5
Rd8 28. f4 e4 29. Ne3 1/2-1/2

[Event "II LIGA CENTRALNE SRBIJE-ISTOK"]
[Site "Leskovac"]
[Date "2014.09.27"]
[Round "4.2"]
[White "Nikolic, Vladimir"]
[Black "Kostic, Aleksandar *"]
[Result "1/2-1/2"]
[WhiteElo "1975"]
[BlackElo "1976"]
[PlyCount "52"]
[EventDate "2014.09.25"]

1. Nf3 d5 2. g3 b6 3. Bg2 Bb7 4. d4 e6 5. O-O Nf6 6. Ne5 c5 7. c4 cxd4 8. cxd5
Bxd5 9. Qxd4 Bc5 10. Qa4+ Nbd7 11. Bxd5 exd5 12. Nc3 d4 13. Nxd7 Qxd7 14. Rd1
Qxa4 15. Nxa4 O-O 16. Kf1 Rfd8 17. Bg5 Be7 18. Rac1 Rd7 19. Bxf6 Bxf6 20. Rc6
Rad8 21. Rd3 Kf8 22. h4 Rd5 23. b4 Ke8 24. Rc7 R5d7 25. Rc6 Rd6 26. Rc2 Kd7
1/2-1/2

[Event "II LIGA CENTRALNE SRBIJE-ISTOK"]
[Site "Leskovac"]
[Date "2014.09.27"]
[Round "4.3"]
[White "Djordjevic, Vuk **"]
[Black "Radosavljevic, Slobodan D"]
[Result "1/2-1/2"]
[WhiteElo "2265"]
[BlackElo "2214"]
[PlyCount "115"]
[EventDate "2014.09.25"]

1. e4 c5 2. Nc3 g6 3. g3 Bg7 4. Bg2 Nc6 5. Nge2 Nf6 6. O-O O-O 7. d3 d6 8. h3
Rb8 9. f4 Bd7 10. g4 h5 11. g5 Nh7 12. Be3 b5 13. Qd2 b4 14. Nd1 Nd4 15. Ng3 h4
16. Nh1 e5 17. Qf2 exf4 18. Bxf4 Nxg5 19. Kh2 Be6 20. Qd2 Be5 21. c3 bxc3 22.
bxc3 Nc6 23. Ne3 Nh7 24. Rf2 Nf6 25. Nd5 Nh5 26. Bxe5 Nxe5 27. d4 Nc4 28. Qd3
Bxd5 29. exd5 Nb2 30. Qd2 cxd4 31. Qxd4 Qb6 32. Qxh4 Nd3 33. Rf3 Ne5 34. Rf2
Qe3 35. Qd4 Qxd4 36. cxd4 Nd3 37. Rc2 Rfc8 38. Rc6 Nhf4 39. Bf3 Rd8 40. Kg3 Rb4
41. Rd1 Ra4 42. Rc3 Nb2 43. Rd2 Nbd3 44. a3 f5 45. Bd1 Ra5 46. Rcxd3 Nxd3 47.
Rxd3 Kg7 48. Nf2 Rxd5 49. h4 Rb8 50. Nh3 Rb1 51. a4 Kf6 52. Bb3 Rxb3 53. Rxb3
Rxd4 54. Nf4 Rxa4 55. Rd3 g5 56. Nd5+ Kg6 57. hxg5 Kxg5 58. Nc3 1/2-1/2

[Event "II LIGA CENTRALNE SRBIJE-ISTOK"]
[Site "Leskovac"]
[Date "2014.09.27"]
[Round "4.3"]
[White "Popovic, Djordje D"]
[Black "Popchev, Milko"]
[Result "1/2-1/2"]
[WhiteElo "2225"]
[BlackElo "2240"]
[PlyCount "79"]
[EventDate "2014.09.25"]

1. d4 d6 2. c4 e5 3. Nc3 Nc6 4. Nf3 exd4 5. Nxd4 Nge7 6. e4 g6 7. Be2 Bg7 8.
Be3 O-O 9. Qd2 f5 10. Nxc6 Nxc6 11. O-O fxe4 12. Nxe4 Qe7 13. Nc3 Ne5 14. h3
Be6 15. b3 a6 16. Rad1 Rae8 17. Nd5 Qf7 18. Qa5 Nc6 19. Qd2 Bf5 20. c5 Qd7 21.
cxd6 Qxd6 22. b4 Qd7 23. b5 axb5 24. Bxb5 Rf7 25. Qc1 Qc8 26. Bxc6 bxc6 27.
Qxc6 Qa8 28. Qxa8 Rxa8 29. Rc1 Rxa2 30. Rxc7 Rxc7 31. Nxc7 Be5 32. Rc1 h5 33.
Nd5 Kf7 34. Bf4 Ra1 35. Rxa1 Bxa1 36. Ne3 Bd3 37. g4 Bd4 38. Kg2 Bxe3 39. Bxe3
hxg4 40. hxg4 1/2-1/2

[Event "II LIGA CENTRALNE SRBIJE-ISTOK"]
[Site "Leskovac"]
[Date "2014.09.27"]
[Round "4.3"]
[White "Kostic, Nebojsa"]
[Black "Milosevic, Aleksandar"]
[Result "1/2-1/2"]
[WhiteElo "2267"]
[BlackElo "2306"]
[PlyCount "21"]
[EventDate "2014.09.25"]

1. c4 Nf6 2. d4 e6 3. Nf3 c5 4. Nc3 cxd4 5. Nxd4 a6 6. e4 Qc7 7. Be3 b6 8. Be2
Bb7 9. f3 d6 10. O-O Nbd7 11. Rc1 1/2-1/2

[Event "II LIGA CENTRALNE SRBIJE-ISTOK"]
[Site "Leskovac"]
[Date "2014.09.27"]
[Round "4.3"]
[White "Djordjevic, Nebojsa"]
[Black "Ivic, Matija **"]
[Result "1-0"]
[WhiteElo "2280"]
[BlackElo "1960"]
[PlyCount "85"]
[EventDate "2014.09.25"]

1. d4 Nf6 2. c4 c5 3. dxc5 Qa5+ 4. Nd2 Qxc5 5. e3 g6 6. a3 Bg7 7. b4 Qc7 8. Bb2
O-O 9. Ngf3 d6 10. Be2 b6 11. O-O Bb7 12. Rc1 Nbd7 13. h3 Rac8 14. Nd4 a6 15.
Bf3 Rfd8 16. Bxb7 Qxb7 17. Qe2 d5 18. N4f3 dxc4 19. Nxc4 Ne4 20. Bxg7 Kxg7 21.
Qb2+ Ndf6 22. Nce5 Kg8 23. Nd4 Nd6 24. Ndc6 Re8 25. Rfd1 Nd7 26. Qb3 Nxe5 27.
Nxe5 Qe4 28. Nf3 Rxc1 29. Rxc1 Rc8 30. Rxc8+ Nxc8 31. Qxf7+ Kxf7 32. Ng5+ Kf6
33. Nxe4+ Ke5 34. Nc3 Nd6 35. f4+ Ke6 36. Kf2 Nc4 37. a4 Kd6 38. Ke2 e5 39. Kd3
Nb2+ 40. Ke4 exf4 41. exf4 a5 42. bxa5 bxa5 43. Kd4 1-0

[Event "II LIGA CENTRALNE SRBIJE-ISTOK"]
[Site "Leskovac"]
[Date "2014.09.27"]
[Round "4.3"]
[White "Ljuboja, Ognjen **"]
[Black "Bozilov, Dragan**"]
[Result "1-0"]
[WhiteElo "1840"]
[BlackElo "1954"]
[PlyCount "109"]
[EventDate "2014.09.25"]

1. e4 e5 2. Nf3 Nc6 3. Bb5 a6 4. Ba4 Nf6 5. O-O Be7 6. d3 b5 7. Bb3 d6 8. c3
O-O 9. h3 Nb8 10. Re1 Nbd7 11. Nbd2 Bb7 12. Nf1 c5 13. Ng3 Rc8 14. Bc2 g6 15.
Bg5 Re8 16. Qe2 Qc7 17. a4 c4 18. axb5 axb5 19. d4 Bf8 20. dxe5 dxe5 21. Red1
h6 22. Be3 Nc5 23. Bxc5 Bxc5 24. b3 Red8 25. Rxd8+ Rxd8 26. bxc4 bxc4 27. Nd2
Rc8 28. Ngf1 Nh5 29. g3 Qd7 30. Kh2 Rc6 31. Ba4 Bc8 32. g4 Qa7 33. gxh5 Rf6 34.
Ne3 Bd7 35. Bxd7 Qxa1 36. Ndxc4 Qxc3 37. Nd5 Rxf2+ 38. Qxf2 Qxc4 39. Qg2 g5 40.
h4 Qc1 41. Bf5 Qd1 42. hxg5 Qxh5+ 43. Bh3 Qxg5 44. Qxg5+ hxg5 45. Kg3 Kg7 46.
Bc8 Ba3 47. Ne3 Bc1 48. Ng4 Bd2 49. Kf3 Bc3 50. Ke3 Bd4+ 51. Kd3 Kf8 52. Kc4
Ke7 53. Kd5 f6 54. Nh6 Bc3 55. Bg4 1-0

[Event "II LIGA CENTRALNE SRBIJE-ISTOK"]
[Site "Leskovac"]
[Date "2014.09.27"]
[Round "4.3"]
[White "Jonic, Vladimir"]
[Black "Blagojevic, Nikola"]
[Result "1/2-1/2"]
[WhiteElo "2192"]
[BlackElo "1662"]
[PlyCount "100"]
[EventDate "2014.09.25"]

1. e4 c6 2. d3 d5 3. Nc3 dxe4 4. Nxe4 Bf5 5. Bd2 e6 6. g3 Nf6 7. Bg2 Be7 8. Qe2
Nbd7 9. Nf3 Nc5 10. Nh4 Ncxe4 11. dxe4 Bg6 12. O-O-O Qc7 13. Bc3 O-O 14. h3
Rad8 15. Bf3 Rxd1+ 16. Rxd1 Rd8 17. Rxd8+ Qxd8 18. Ng2 b5 19. b3 a5 20. Bb2 h6
21. Nf4 Bh7 22. h4 Nd7 23. Bg4 Nc5 24. f3 Bf6 25. e5 Be7 26. Qe3 a4 27. Bh3
axb3 28. axb3 Na6 29. Bf1 Nb4 30. Nd3 Nxd3+ 31. Bxd3 Bxd3 32. Qxd3 Qxd3 33.
cxd3 h5 34. Kd2 Kf8 35. Ke3 Ke8 36. Bc3 Kd7 37. Be1 Bd8 38. Ke4 g6 39. Bd2 Be7
40. Bh6 Bb4 41. Bg5 Bc3 42. g4 Ke8 43. Bf6 Bd2 44. gxh5 gxh5 45. f4 Bc1 46. Bg5
Bb2 47. f5 Bc3 48. Be3 Be1 49. Bg5 Bc3 50. Bf6 Bd2 1/2-1/2

[Event "II LIGA CENTRALNE SRBIJE-ISTOK"]
[Site "Leskovac"]
[Date "2014.09.27"]
[Round "4.3"]
[White "Ivanovic, Zoran M"]
[Black "Stoimenov, Roki"]
[Result "1-0"]
[WhiteElo "2100"]
[BlackElo "2020"]
[PlyCount "119"]
[EventDate "2014.09.25"]

1. e4 e6 2. d4 d5 3. Nd2 dxe4 4. Nxe4 Bd7 5. Nf3 Bc6 6. Bd3 Bxe4 7. Bxe4 c6 8.
O-O Nf6 9. Bd3 Bd6 10. Bg5 Nbd7 11. Re1 Qc7 12. Qe2 O-O 13. Ne5 c5 14. c3 h6
15. Bh4 Nd5 16. Nxd7 Qxd7 17. Qe4 g6 18. dxc5 Bxc5 19. Rad1 Be7 20. Bb1 Qd8 21.
Bxe7 Qxe7 22. Rxd5 Qc7 23. Rd4 Rac8 24. Qf4 Qxf4 25. Rxf4 Rfd8 26. Rd4 Rxd4 27.
cxd4 Kf8 28. Kf1 Rd8 29. Rd1 e5 30. Ke2 exd4 31. Kd3 f5 32. Re1 Kf7 33. Bc2 Rd6
34. h4 a6 35. Bb3+ Kf6 36. Re8 b5 37. Rf8+ Ke5 38. g3 g5 39. hxg5 hxg5 40. f3
Rh6 41. Re8+ Kd6 42. Kxd4 Rh3 43. Re6+ Kd7 44. Rf6 Rxg3 45. Rxf5 g4 46. f4 Rf3
47. Ke4 Rf2 48. Rg5 Rxb2 49. Rxg4 a5 50. f5 a4 51. Be6+ Kd6 52. Rg8 b4 53. Ra8
a3 54. Ra6+ Kc7 55. Bc4 Kb7 56. Ra4 Kc6 57. f6 Kc5 58. f7 Kxc4 59. f8=Q Rb1 60.
Qc8+ 1-0

[Event "II LIGA CENTRALNE SRBIJE-ISTOK"]
[Site "Leskovac"]
[Date "2014.09.27"]
[Round "4.4"]
[White "Trailovic, Mile"]
[Black "Nikolic, Stanimir"]
[Result "0-1"]
[WhiteElo "2128"]
[BlackElo "2251"]
[PlyCount "73"]
[EventDate "2014.09.25"]

1. e4 d6 2. Nc3 g6 3. g3 Bg7 4. Bg2 c5 5. Nge2 Nc6 6. O-O Bd7 7. h3 Rb8 8. Kh2
b5 9. f4 e6 10. d3 b4 11. Nb1 Nge7 12. Nd2 O-O 13. g4 f5 14. Ng3 Qc7 15. Nf3
Rbe8 16. a4 Nd4 17. Rb1 Bxa4 18. Rf2 Bd7 19. Ng1 a5 20. Bd2 Nb5 21. N1e2 c4 22.
Be3 Rc8 23. d4 c3 24. b3 Na3 25. Rc1 a4 26. gxf5 exf5 27. e5 axb3 28. cxb3 Rfd8
29. Qh1 Be8 30. h4 Bf7 31. h5 Bxb3 32. Rg1 Bf7 33. e6 Bxe6 34. d5 Bf7 35. Bf3
Nc2 36. Nf1 Nxe3 37. Nxe3 0-1

[Event "II LIGA CENTRALNE SRBIJE-ISTOK"]
[Site "Leskovac"]
[Date "2014.09.27"]
[Round "4.4"]
[White "Bura, Goran"]
[Black "Vlajic, Sasa"]
[Result "1-0"]
[WhiteElo "2202"]
[BlackElo "2133"]
[PlyCount "67"]
[EventDate "2014.09.25"]

1. c4 Nf6 2. Nc3 c5 3. g3 g6 4. Bg2 Bg7 5. a3 Nc6 6. Rb1 O-O 7. b4 cxb4 8. axb4
d6 9. d3 a5 10. b5 Nb4 11. Nf3 Be6 12. Ng5 Ng4 13. Na4 Bc8 14. O-O Rb8 15. Bd2
h6 16. Nf3 d5 17. c5 Bd7 18. h3 Nf6 19. Nb6 Bxb5 20. Bf4 Nd7 21. Nxd7 Qxd7 22.
Bxb8 Rxb8 23. d4 Bc4 24. Qd2 f6 25. Rfc1 Qb5 26. Nh4 Qe8 27. e4 Rd8 28. Ra1 Nc6
29. Qb2 e6 30. exd5 Bxd5 31. Bxd5 Rxd5 32. Qxb7 Nxd4 33. Ra2 g5 34. c6 1-0

[Event "II LIGA CENTRALNE SRBIJE-ISTOK"]
[Site "Leskovac"]
[Date "2014.09.27"]
[Round "4.4"]
[White "Tosic, Branislav"]
[Black "Njegic, Vladimir"]
[Result "1/2-1/2"]
[WhiteElo "2256"]
[BlackElo "2136"]
[PlyCount "62"]
[EventDate "2014.09.25"]

1. Nf3 d5 2. g3 Nf6 3. Bg2 Bf5 4. c4 c6 5. b3 e6 6. Bb2 Nbd7 7. O-O a5 8. d3 a4
9. cxd5 exd5 10. Nd4 Bg6 11. bxa4 Qa5 12. Nb3 Qxa4 13. Nc3 Qb4 14. e4 dxe4 15.
Nxe4 Be7 16. a3 Qb6 17. Bxf6 Bxf6 18. Nxf6+ Nxf6 19. Qe1+ Kf8 20. Qc3 Qc7 21.
Rfe1 Rd8 22. Qb4+ Kg8 23. Re7 Rd7 24. Rxd7 Nxd7 25. Qe7 h6 26. Bh3 Qb6 27. Qxd7
Qxb3 28. Bf5 Kh7 29. Bxg6+ fxg6 30. Re1 Qxa3 31. Re7 Qb2 1/2-1/2

[Event "II LIGA CENTRALNE SRBIJE-ISTOK"]
[Site "Leskovac"]
[Date "2014.09.27"]
[Round "4.4"]
[White "Kostic, Tomislav **"]
[Black "Devetak, Dusan"]
[Result "1/2-1/2"]
[WhiteElo "2004"]
[BlackElo "2139"]
[PlyCount "93"]
[EventDate "2014.09.25"]

1. e4 d6 2. d4 Nf6 3. Nc3 g6 4. Nf3 Bg7 5. Be3 O-O 6. Qd2 c6 7. Bh6 b5 8. Bd3
Bg4 9. h3 Bxf3 10. gxf3 e5 11. dxe5 dxe5 12. O-O-O Nbd7 13. h4 Nh5 14. Bxg7
Kxg7 15. Bxb5 cxb5 16. Qxd7 a6 17. Qxd8 Rfxd8 18. Rxd8 Rxd8 19. Rd1 Rxd1+ 20.
Kxd1 Nf4 21. a4 bxa4 22. Nxa4 Ng2 23. Nc5 Nxh4 24. Ke2 a5 25. Nb7 a4 26. Nc5
Kf6 27. Nxa4 Ke6 28. b4 Ng2 29. c4 Nf4+ 30. Kf1 Nd3 31. b5 Kd6 32. Kg2 h5 33.
Kg3 g5 34. Nb6 Nb2 35. Nd5 Nxc4 36. Nf6 Kc5 37. Nxh5 Kxb5 38. Kg4 Nd2 39. Nf6
Kc6 40. Nh7 Kd6 41. Nxg5 f6 42. Nf7+ Ke7 43. Nh6 Ke6 44. Nf5 Nb3 45. f4 Nc5 46.
f3 Nd3 47. Ng7+ 1/2-1/2

[Event "II LIGA CENTRALNE SRBIJE-ISTOK"]
[Site "Leskovac"]
[Date "2014.09.27"]
[Round "4.4"]
[White "Kostic, Marko **"]
[Black "Floricelovic, Milos*"]
[Result "0-1"]
[WhiteElo "1848"]
[BlackElo "2064"]
[PlyCount "70"]
[EventDate "2014.09.25"]

1. d4 d5 2. Bf4 Nf6 3. e3 c6 4. h3 Qb6 5. Qc1 Bf5 6. Nf3 Nbd7 7. Nbd2 e6 8. Be2
Be7 9. O-O O-O 10. Nh4 Ne4 11. Nxf5 exf5 12. c4 Rac8 13. c5 Qd8 14. b4 Ndf6 15.
Nf3 Nd7 16. a4 a6 17. Qb2 g5 18. Bh2 g4 19. Ne5 Nxe5 20. Bxe5 gxh3 21. gxh3 Bf6
22. Bf4 Kh8 23. b5 axb5 24. axb5 Nxc5 25. bxc6 bxc6 26. Rac1 Ne6 27. Bh2 c5 28.
Qb7 cxd4 29. Rxc8 Qxc8 30. Qxd5 f4 31. exd4 Rg8+ 32. Kh1 Nxd4 33. Bg4 Qc7 34.
Qe4 Qc3 35. Bxf4 Rxg4 0-1

[Event "II LIGA CENTRALNE SRBIJE-ISTOK"]
[Site "Leskovac"]
[Date "2014.09.27"]
[Round "4.4"]
[White "Stanojevic, Dragoljub"]
[Black "Dubravcic, Nikola **"]
[Result "0-1"]
[WhiteElo "1966"]
[BlackElo "1692"]
[PlyCount "112"]
[EventDate "2014.09.25"]

1. c4 c5 2. Nc3 Nf6 3. g3 d5 4. cxd5 Nxd5 5. Bg2 Nc7 6. Nf3 Nc6 7. O-O e5 8. d3
Be7 9. Be3 Be6 10. b3 Qd7 11. Re1 b6 12. Nd2 Rc8 13. Nc4 f6 14. Qd2 O-O 15. f4
b5 16. Nb2 Rfd8 17. Qc1 Nd4 18. fxe5 fxe5 19. Bf2 Nd5 20. e3 Nb4 21. Rd1 Bg4
22. Qd2 Bxd1 23. exd4 Bg4 24. d5 Rf8 25. a3 Na6 26. Re1 Bf3 27. Rxe5 Bxg2 28.
Kxg2 Bf6 29. Re2 Bxc3 30. Qxc3 Qxd5+ 31. Kg1 b4 32. Qc4 Qxc4 33. Nxc4 bxa3 34.
Nxa3 Nb4 35. Rd2 Rfd8 36. d4 cxd4 37. Bxd4 Nc6 38. Be3 Rxd2 39. Bxd2 Nd4 40.
Be3 Nc2 41. Nxc2 Rxc2 42. Bxa7 Rb2 43. Bd4 Rxb3 44. Kg2 Kf7 45. h4 h5 46. Kh3
g6 47. Be5 Ke6 48. Bf4 Kf5 49. Bd6 Ke4 50. Bc7 Kf3 51. Bd6 Rb1 52. Kh2 Kg4 53.
Kg2 Rb2+ 54. Kg1 Kf3 55. Be5 Rg2+ 56. Kh1 Rxg3 0-1

[Event "II LIGA CENTRALNE SRBIJE-ISTOK"]
[Site "Leskovac"]
[Date "2014.09.27"]
[Round "4.4"]
[White "Rajkovic, Aleksandar"]
[Black "Klcesko, Aleksandar**"]
[Result "1-0"]
[WhiteElo "2133"]
[BlackElo "1767"]
[PlyCount "67"]
[EventDate "2014.09.25"]

1. Nf3 Nf6 2. c4 e6 3. g3 d5 4. Bg2 b6 5. cxd5 exd5 6. d4 Bb7 7. O-O Be7 8. Bg5
Nbd7 9. Nc3 O-O 10. Qb3 h6 11. Bxf6 Nxf6 12. Ne5 c5 13. dxc5 Bxc5 14. Rad1 Re8
15. Nxd5 Nxd5 16. Bxd5 Bxd5 17. Rxd5 Qf6 18. Nd7 Qc6 19. e3 Rad8 20. Rfd1 Re7
21. Nf6+ gxf6 22. Rxd8+ Kg7 23. Qd5 Qa4 24. Rd7 Rxd7 25. Qxd7 Qc2 26. Qg4+ Kh7
27. Rd8 Qg6 28. Qxg6+ fxg6 29. Rd7+ Kg8 30. Rxa7 g5 31. Rb7 h5 32. b4 Bxb4 33.
Rxb6 Bc3 34. Rb7 1-0